| 000 | 00535nam a2200181Ia 4500 | ||
|---|---|---|---|
| 003 | GCL | ||
| 008 | 140319s9999 xx 000 0 ara d | ||
| 040 |
_aGCL / _cGCL |
||
| 082 | 0 | 4 |
_a953.02 _bح ا |
| 100 | 1 | _aحبيب صادق | |
| 245 | 1 | 0 |
_aمطالع النور , الفتوحات الاولي / _cحبيب صادق |
| 260 |
_a[S.N] : _bدار الكتاب اللبنانى |
||
| 300 | _a192 ص | ||
| 490 | _a | ||
| 650 | 0 | 4 | _aالفتوحات الاسلامية |
| 650 | 0 | 4 | _aالتاريخ الاسلامى |
| 942 |
_2ddc _cBK |
||
| 999 |
_c56460 _d56460 |
||